01457cam a2200337 a 450000100090000000300050000900500170001400800410003101000170007202000250008904000180011404200080013205000260014008200140016610000200018024500830020025000120028326000740029530000540036950503030042365000230072665000240074965000370077365000380081070000330084870000200088190600450090194200120094699900190095895201420097716917184PILC20150227150815.0110812s2012 enka b 001 0 eng  a 2011033616 a9780273757252 (pbk.) aDLCcDLCdDLC apcc00aHD 30.28b.J6495 201200a658.4/0121 aJohnson, Gerry.10aFundamentals of strategy /cGerry Johnson, Richard Whittington, Kevan Scholes. a2nd ed. aHarlow, England ;aNew York :bFinancial Times /Prentice Hall,c2012. axix, 284 pages :bcolored illustrations ;c25 cm.0 aIntroducing strategy -- The environment -- Strategic capabilities -- Strategic purpose -- Business strategy -- Corporate strategy and diversification -- International strategy -- Innovation strategies -- Mergers, acquisitions and alliances -- Strategy in action -- Appendix : evaluating strategies. 0aBusiness planning. 0aStrategic planning. 0aBusiness planningvCase studies. 0aStrategic planningvCase studies.1 aWhittington, Richard,d1958-1 aScholes, Kevan. a7bcbccorignewd1eecipf20gy-gencatlg 2lcccBK c283640d283640 00102lcc40aCLbCLcRESd2015-02-27eLibrary Fundl2m66oHD 30.28 .J6495 2012pC19145r2019-08-01 00:00:00s2018-07-30w2015-02-27yBK